| 000 | 00659nam a2200241Ia 4500 | ||
|---|---|---|---|
| 003 | OSt | ||
| 005 | 20220927110341.0 | ||
| 006 | a|||||r|||| 00| 0 | ||
| 007 | ta | ||
| 008 | 220926b |||||||| |||| 00| 0 eng d | ||
| 024 | _a63540 | ||
| 037 | _cReports | ||
| 040 |
_aRTL _cRTL _beng |
||
| 041 |
_2eng _aeng |
||
| 082 | _a"X6261.211.M92t, K0.1" | ||
| 110 | _aReserve Bank Of India | ||
| 245 | 0 | _aReport regarding the possibility of introdcuing la | |
| 260 | _c1960 | ||
| 650 |
_aCommercial Bank _9376421 |
||
| 700 | _aReserve Bank Of India | ||
| 942 |
_h"X6261.211.M92t, K0.1" _cCC |
||
| 999 |
_c695675 _d695675 |
||